Normal view MARC view
  • Jabatan Peguam Negara

Entry Personal Name

Number of records used in: 1

001 - CONTROL NUMBER

  • control field: 8849

003 - CONTROL NUMBER IDENTIFIER

  • control field: OSt

005 - DATE AND TIME OF LATEST TRANSACTION

  • control field: 20170602091155.0

008 - FIXED-LENGTH DATA ELEMENTS

  • fixed length control field: 170602|| aca||aabn | a|a d

040 ## - CATALOGING SOURCE

  • Original cataloging agency: OSt
  • Transcribing agency: OSt

100 ## - HEADING--PERSONAL NAME

  • Personal name: Jabatan Peguam Negara
  • Dates associated with a name: 2017

670 ## - SOURCE DATA FOUND

  • Source citation: Work cat.: (OSt): Jabatan Peguam Negara 2017, Perintah Duti Kastam 2017, 2017
Pusat Sumber Maklumat Dato' Haji Sarmin Md Hussin, Akademi Kastam Diraja Malaysia, Melaka
Tel: 06-2331106 | Faks: 06-2313787